Central Library OPAC University of Rajshahi

A forgotten kingdom : (Record no. 21786)

MARC details
000 -LEADER
fixed length control field 01028nam a22002891 4500
001 - CONTROL NUMBER
control field 21786
003 - CONTROL NUMBER IDENTIFIER
rucl marc code BD-RjUL
005 - DATE AND TIME OF LATEST TRANSACTION
control field 20211209000729.0
008 - FIXED-LENGTH DATA ELEMENTS--GENERAL INFORMATION
fixed length control field 140305s1953 mduab 001 0 eng
035 ## - SYSTEM CONTROL NUMBER
System control number (BD-RjUL)21851
System control number (OCoLC)408670
040 ## - CATALOGING SOURCE
Original cataloging agency DLC
Transcribing agency ODaWU
Modifying agency OCoLC
-- NBrockU
-- OCoLC
-- ODaWU
-- DLC
-- BD-RjUL
Language of cataloging eng
041 ## - LANGUAGE CODE
Language code of text/sound track or separate title eng
082 ## - DEWEY DECIMAL CLASSIFICATION NUMBER
Classification number 913.3942
Author mark and year WOF 1953
100 1# - MAIN ENTRY--PERSONAL NAME
Personal name Woolley, Leonard,
Dates associated with a name 1880-1960.
9 (RLIN) 67271
245 12 - TITLE STATEMENT
Title A forgotten kingdom :
Remainder of title being a record of the results obtained from the excavation of two mounds, Atchana and Al Mina, in the Turkish Hatay /
Statement of responsibility, etc. Leonard Woolley.
260 ## - PUBLICATION, DISTRIBUTION, ETC. (IMPRINT)
Place of publication, distribution, etc. Baltimore :
Name of publisher, distributor, etc. Penguin Books,
Date of publication, distribution, etc. c1953.
300 ## - PHYSICAL DESCRIPTION
Pagination 191 p. :
Illustrations ill., maps. ;
Size 19 cm.
490 0# - SERIES STATEMENT
Series statement Pelican books,
Volume/sequential designation A261
504 ## - BIBLIOGRAPHY, ETC. NOTE
Bibliography, etc Includes index.
650 #0 - SUBJECT ADDED ENTRY--TOPICAL TERM
Topical term or geographic name as entry element Civilization, Ancient.
9 (RLIN) 34340
Topical term or geographic name as entry element Excavations (Archaeology)
Geographic subdivision Turkey
-- Alalakh (Extinct city).
9 (RLIN) 67272
651 #0 - SUBJECT ADDED ENTRY--GEOGRAPHIC NAME
Geographic name Alalakh (Extinct city)
9 (RLIN) 67273
942 ## - ADDED ENTRY ELEMENTS (KOHA)
Source of classification or shelving scheme Dewey Decimal Classification
Koha item type Books
Holdings
Lost status Source of classification or shelving scheme Damaged status Not for loan Collection code Permanent Location Current Location Shelving location Date acquired Source of acquisition Total Checkouts Full call number Date last seen Copy number Koha item type
  Dewey Decimal Classification   Added to bundle Non-fiction Central Library, University of Rajshahi Central Library, University of Rajshahi Reading Room 14/05/1963 Asia foundation   913.3942 WOF 1953 05/03/2014 C-1 Books